Плетнева П.

Доступно только в Электронных читальных залах Найти на картеНа карте
RUSMARC
00003793nac2a22002891x 450
001a9cca74d-a70b-4e1d-b0fa-a1f39af7c4be
00520131226155737.0
100##$a20130529l1915 k y0rusy50 ca
1010#$arus
102##$aRU
105##$ay z |||||
1220#$ad19151130
2001#$aПлетнева П.
$j30 ноября 1915
215##$a2 листа
251##$cДело
300##$aЗаголовок дела на папке: Письмо Плетнева П. Кони А. Ф.
300##$a1 письмо
300##$aТекст рукописный
330##$aПереписка А. Ф. Кони; Письма к А. Ф. Кони
461#0$10013a54f2e3-e9cf-409b-80fa-f0a9bd3c40cb
$12001
$aКони Анатолий Федорович, юрист, литератор, член академии наук, председатель Санкт-Петербургского окружного суда, член государственного совета
$1251
$cФонд
$1852
$j564
462#0$100178a475cd-a47d-4377-bff3-cee4b81de655
$12001
$aОпись дел фонда А. Ф. Кони за 1880-1931 гг.
$1251
$cОпись
$1852
$j1
517##$aПисьмо Плетнева П. Кони А. Ф.
600#1$aКони
$bА. Ф.
$f1844-1927
$gАнатолий Федорович
600#1$aПлетнев
$bП.
801#0$aRU
$bGA_RF
801#1$aRU
$bНПО Опыт
$c20130529
$2rusmarc
801#2$aRU
$bПБ им. Б.Н. Ельцина
$c20131226
$gRCR
$2rusmarc
852##$aГА РФ
$j2883
937##$d42546318
$hПБ
035##$aRuPRLIB51003579
Формат отображения